| 000 | 004300000a22001810004500 | ||
|---|---|---|---|
| 003 | MACL | ||
| 005 | 20160130144241.0 | ||
| 008 | 160130b xxu||||| |||| 00| 0 eng d | ||
| 040 |
_aMACL _cMACL |
||
| 041 | _aEnglish | ||
| 082 | _a800/NIR | ||
| 100 |
_aNirmala, A. _936167 |
||
| 245 | _aJoyce Cary | ||
| 260 |
_bAtlantic Publishers _c2001 _aNew Delhi |
||
| 350 | _a450 | ||
| 650 |
_aLitrature _936168 |
||
| 942 |
_cBK _k800/Nir _2ddc |
||
| 999 |
_c31531 _d31531 |
||